[Event "Lichtenrader Herbst 2007"]
[Site "?"]
[Date "2007.10.14"]
[Round "1.1"]
[White "Rabiega, Robert"]
[Black "Korneev, Oleg"]
[Result "1/2-1/2"]
[WhiteElo "2545"]
[BlackElo "2587"]
[PlyCount "23"]
[EventDate "2007.??.??"]

1. e4 e5 2. Nf3 Nc6 3. Bb5 a6 4. Ba4 Nf6 5. O-O Be7 6. Re1 b5 7. Bb3 O-O 8. c3
d6 9. h3 Re8 10. d4 Bb7 11. Ng5 Rf8 12. Nf3 1/2-1/2

[Event "Lichtenrader Herbst 2007"]
[Site "?"]
[Date "2007.10.14"]
[Round "1.2"]
[White "Jurkatis, Hagen"]
[Black "Lagunow, Alexander"]
[Result "0-1"]
[WhiteElo "1911"]
[BlackElo "2438"]
[PlyCount "46"]
[EventDate "2007.??.??"]

1. f4 Nf6 2. Nf3 g6 3. e3 Bg7 4. Be2 O-O 5. O-O c5 6. c3 d6 7. d3 Nc6 8. e4 Rb8
9. Qe1 b5 10. Qh4 b4 11. e5 Ne8 12. Ng5 h6 13. Ne4 Bf5 14. Nbd2 bxc3 15. bxc3
dxe5 16. Nxc5 exf4 17. d4 Nxd4 18. Bc4 g5 19. Qf2 Nc2 20. Nde4 Nxa1 21. Bxf4
gxf4 22. Qxf4 Bg6 23. Rxa1 Nd6 0-1

[Event "Lichtenrader Herbst 2007"]
[Site "?"]
[Date "2007.10.14"]
[Round "1.3"]
[White "Figura, Atila Gajo"]
[Black "Fuchs, Jörg"]
[Result "1-0"]
[WhiteElo "2413"]
[BlackElo "1910"]
[PlyCount "59"]
[EventDate "2007.??.??"]

1. d4 f5 2. g3 Nf6 3. Bg2 e6 4. c4 d6 5. Nf3 Be7 6. O-O O-O 7. b4 c6 8. a4 Ne4
9. Bb2 Qe8 10. Nbd2 Nd7 11. Qb3 Ndf6 12. Nxe4 Nxe4 13. c5 d5 14. Qd3 Bf6 15.
Rab1 Bd7 16. Bc1 g5 17. Ne5 Bxe5 18. dxe5 Qh5 19. f3 Nxg3 20. hxg3 f4 21. g4
Qh6 22. e3 Be8 23. Qd4 Qg6 24. Rb2 h5 25. Bh3 hxg4 26. Bxg4 Kg7 27. exf4 Rh8
28. Rg2 Qh6 29. Bxe6 Qxe6 30. f5 1-0

[Event "Lichtenrader Herbst 2007"]
[Site "?"]
[Date "2007.10.14"]
[Round "1.4"]
[White "Dünzel, Jonas"]
[Black "Wendt, Jan-Dietrich"]
[Result "0-1"]
[WhiteElo "1902"]
[BlackElo "2364"]
[PlyCount "118"]
[EventDate "2007.??.??"]

1. e4 c5 2. Nf3 e6 3. d4 cxd4 4. Nxd4 Nc6 5. Nc3 Nf6 6. Ndb5 d6 7. Bf4 e5 8.
Bg5 a6 9. Na3 b5 10. Nd5 Be7 11. Bxf6 Bxf6 12. c3 Bg5 13. Nc2 Rb8 14. Nce3 O-O
15. h4 Bxe3 16. Nxe3 Be6 17. g3 b4 18. Bc4 bxc3 19. bxc3 Ne7 20. Bxe6 fxe6 21.
O-O Qc7 22. Qd3 Rb6 23. Rfb1 Rfb8 24. Rb3 Rc6 25. Rab1 Rxb3 26. Rxb3 Nc8 27.
Ra3 h6 28. Kg2 Qb6 29. Ra4 a5 30. Ra3 Rc5 31. c4 Qc7 32. Qc3 Na7 33. Rb3 Nb5
34. Qd3 Nd4 35. Rb2 Qf7 36. Qd1 Rc8 37. f3 Rf8 38. Rf2 Qa7 39. Nc2 Qc5 40. Nxd4
exd4 41. Qd3 Rb8 42. f4 Rb4 43. f5 Qe5 44. a3 Rb8 45. fxe6 a4 46. e7 Re8 47.
Rf8+ Rxf8 48. exf8=Q+ Kxf8 49. Kf2 Ke7 50. Kf3 Qc5 51. Kg2 Qb4 52. Kf2 Qb2+ 53.
Kf3 Ke6 54. Kf4 Qc1+ 55. Kf3 Ke5 56. Kf2 Qb2+ 57. Kf1 Qb3 58. Ke2 Qxd3+ 59.
Kxd3 h5 0-1

[Event "Lichtenrader Herbst 2007"]
[Site "?"]
[Date "2007.10.14"]
[Round "1.5"]
[White "Radovanovic, Jovica"]
[Black "Lindebaum, Andre"]
[Result "1-0"]
[WhiteElo "2355"]
[BlackElo "1887"]
[PlyCount "49"]
[EventDate "2007.??.??"]

1. e4 c6 2. c4 e6 3. Nc3 Bb4 4. Nf3 d5 5. e5 Ne7 6. a3 Bxc3 7. dxc3 dxc4 8.
Qxd8+ Kxd8 9. Ng5 Ke8 10. Bxc4 h6 11. Ne4 Nd5 12. Be2 Nd7 13. c4 Nc7 14. f4 Ke7
15. Be3 f5 16. Nd6 Ne8 17. O-O-O Nxd6 18. Rxd6 h5 19. Rhd1 Rh7 20. Bf2 g5 21.
fxg5 Nxe5 22. Rd8 b6 23. Bg3 Nd7 24. R1xd7+ Bxd7 25. Rxa8 1-0

[Event "Lichtenrader Herbst 2007"]
[Site "?"]
[Date "2007.10.14"]
[Round "1.6"]
[White "Kurbel, Horst-Peter"]
[Black "Battaglini, Gabriel"]
[Result "0-1"]
[WhiteElo "1880"]
[BlackElo "2295"]
[PlyCount "48"]
[EventDate "2007.??.??"]

1. d4 Nf6 2. c4 e6 3. Nc3 c5 4. d5 d6 5. Nf3 exd5 6. cxd5 a6 7. a4 g6 8. Nd2
Nbd7 9. Nc4 Nb6 10. e4 Bg7 11. Bd3 Nxc4 12. Bxc4 O-O 13. O-O Re8 14. Re1 Ng4
15. Be2 Nxf2 16. Kxf2 Qh4+ 17. Ke3 Bxc3 18. bxc3 Rxe4+ 19. Kd2 Bf5 20. Rf1 Qg5+
21. Ke1 Qxg2 22. Bf4 Rae8 23. Rf2 Qg1+ 24. Rf1 Qg4 0-1

[Event "Lichtenrader Herbst 2007"]
[Site "?"]
[Date "2007.10.14"]
[Round "1.7"]
[White "Giemsa, Stephan"]
[Black "Hesselbarth, Karlheinz"]
[Result "1-0"]
[WhiteElo "2284"]
[BlackElo "1878"]
[PlyCount "49"]
[EventDate "2007.??.??"]

1. d4 Nf6 2. c4 e6 3. g3 d5 4. Nf3 Be7 5. Bg2 O-O 6. O-O c6 7. Qc2 Nbd7 8. Nbd2
Re8 9. Rd1 b6 10. e4 dxe4 11. Nxe4 Bb7 12. Bf4 Nxe4 13. Qxe4 Nf6 14. Qe2 Qc8
15. Ne5 Nd7 16. Nxd7 Qxd7 17. c5 Rad8 18. b4 Qc8 19. Rac1 b5 20. h4 Rd7 21. Be5
Qd8 22. Rd2 f6 23. Bf4 Rxd4 24. Qxe6+ Kf8 25. Rcd1 1-0

[Event "Lichtenrader Herbst 2007"]
[Site "?"]
[Date "2007.10.14"]
[Round "1.8"]
[White "Roth, Joachim"]
[Black "Lüders, Gerhard"]
[Result "1/2-1/2"]
[WhiteElo "1874"]
[BlackElo "2282"]
[PlyCount "137"]
[EventDate "2007.??.??"]

1. f4 d5 2. Nf3 g6 3. e3 Bg7 4. d4 Nh6 5. Bd3 c5 6. c3 cxd4 7. exd4 O-O 8. O-O
Bf5 9. Be3 Ng4 10. Qe2 e6 11. Nbd2 Re8 12. Ne5 h5 13. Ndf3 Bh6 14. Rae1 Kg7 15.
Bc1 a6 16. h3 Nf6 17. Ng5 Re7 18. Nexf7 Rxf7 19. Bxf5 Bxg5 20. fxg5 exf5 21.
gxf6+ Qxf6 22. Qe5 Qxe5 23. Rxe5 Nd7 24. Rxd5 Re8 25. Bg5 Re2 26. Rf2 Re1+ 27.
Kh2 Re6 28. b3 b5 29. c4 bxc4 30. bxc4 Nb6 31. Rc5 Na4 32. Ra5 Nc3 33. Rc2 Ne4
34. Bf4 Rd7 35. Be5+ Kf7 36. c5 Rd5 37. Ra3 Rc6 38. Rb3 g5 39. Rb7+ Ke6 40. Bg7
Rd8 41. Rb6 Rdc8 42. Rcb2 Kd5 43. Rb7 R8c7 44. Kg1 g4 45. hxg4 fxg4 46. Rxc7
Rxc7 47. Be5 Rc6 48. Rb6 a5 49. Kf1 h4 50. a3 Rxb6 51. cxb6 Kc6 52. Bc7 Nc3 53.
Bd8 h3 54. gxh3 gxh3 55. Kf2 Nb5 56. d5+ Kb7 57. Be7 Kxb6 58. Kg3 a4 59. Kxh3
Nc3 60. d6 Kc6 61. Kg2 Nb5 62. d7 Kxd7 63. Bb4 Ke6 64. Kf2 Kd5 65. Ke2 Kc4 66.
Kd2 Kb3 67. Kc1 Ka2 68. Bf8 Nd4 69. Bd6 1/2-1/2

[Event "Lichtenrader Herbst 2007"]
[Site "?"]
[Date "2007.10.14"]
[Round "1.9"]
[White "Rahls, Peter"]
[Black "Fieguth, Bernd"]
[Result "1-0"]
[WhiteElo "2258"]
[BlackElo "1865"]
[PlyCount "60"]
[EventDate "2007.??.??"]

1. e4 e5 2. Nc3 Nf6 3. g3 Bc5 4. Bg2 a6 5. Nge2 d6 6. O-O Bg4 7. h3 Be6 8. d3
Nc6 9. Nd5 Nb4 10. Nxb4 Bxb4 11. f4 c6 12. c3 Ba5 13. f5 Bd7 14. d4 Qc7 15. Kh2
d5 16. dxe5 Nxe4 17. Bxe4 dxe4 18. Qd4 O-O-O 19. Qxe4 c5 20. Bf4 Bc6 21. Qe3
Qe7 22. Rf2 Rhe8 23. Re1 Bc7 24. e6 Bd5 25. b3 h6 26. Bxc7 Qxc7 27. Nf4 fxe6
28. c4 exf5 29. Qxe8 Rxe8 30. Rxe8+ Kd7 1-0

[Event "Lichtenrader Herbst 2007"]
[Site "?"]
[Date "2007.10.14"]
[Round "1.10"]
[White "Bauer, Stefan"]
[Black "Marcziter, Dmitrii"]
[Result "0-1"]
[WhiteElo "1842"]
[BlackElo "2249"]
[PlyCount "96"]
[EventDate "2007.??.??"]

1. Nf3 Nf6 2. d4 d6 3. g3 g6 4. Bg2 Bg7 5. O-O O-O 6. Bg5 h6 7. Bc1 Nbd7 8.
Nbd2 e5 9. dxe5 dxe5 10. e4 b6 11. Re1 Bb7 12. Nh4 Nc5 13. f3 Qd4+ 14. Kh1 Rad8
15. Qe2 Ba6 16. Qe3 Ne6 17. c3 Qxe3 18. Rxe3 h5 19. Re1 Nc5 20. Bf1 Nd3 21.
Bxd3 Rxd3 22. Nb3 Rfd8 23. Bg5 R8d7 24. a4 Bc4 25. Nc1 Rd1 26. Rxd1 Rxd1+ 27.
Kg2 a5 28. b3 Be6 29. Ra2 Nd7 30. c4 Bf8 31. Ne2 f6 32. Be3 Rd3 33. Kf2 Rxb3
34. Nxg6 Bxc4 35. Rd2 Be6 36. Nxf8 Kxf8 37. Rc2 c5 38. Nc3 Ke7 39. f4 Rb4 40.
f5 Bb3 41. Rd2 Nb8 42. h3 Nc6 43. g4 hxg4 44. hxg4 Nd4 45. Bh6 Kf7 46. Kg3 Bxa4
47. g5 fxg5 48. Bxg5 Rb3 0-1

[Event "Lichtenrader Herbst 2007"]
[Site "?"]
[Date "2007.10.14"]
[Round "1.11"]
[White "Prudlo, Simon"]
[Black "Schönemann, Manfred"]
[Result "1-0"]
[WhiteElo "2245"]
[BlackElo "1841"]
[PlyCount "45"]
[EventDate "2007.??.??"]

1. e4 c5 2. Nc3 e6 3. Nge2 Nc6 4. g3 d5 5. exd5 exd5 6. Bg2 Nge7 7. d4 b6 8.
dxc5 bxc5 9. Nxd5 Nxd5 10. Qxd5 Qxd5 11. Bxd5 Bb7 12. Be3 Rd8 13. O-O-O Nd4 14.
Bxb7 Nxe2+ 15. Kb1 Nc3+ 16. bxc3 Rb8 17. Rhe1 Rxb7+ 18. Kc1 f6 19. Bxc5+ Kf7
20. Rd8 g6 21. Rxf8+ Rxf8 22. Bxf8 Kxf8 23. Re3 1-0

[Event "Lichtenrader Herbst 2007"]
[Site "?"]
[Date "2007.10.14"]
[Round "1.12"]
[White "Davydov, Ruven"]
[Black "von Wantoch Rekowski, Danij"]
[Result "1/2-1/2"]
[WhiteElo "1839"]
[BlackElo "2242"]
[PlyCount "90"]
[EventDate "2007.??.??"]

1. e4 c5 2. Nf3 e6 3. d4 cxd4 4. Nxd4 a6 5. Be3 Nf6 6. Bd3 Qc7 7. O-O d5 8. Nd2
e5 9. N4f3 h6 10. exd5 Nxd5 11. Nc4 Nxe3 12. Nxe3 Be6 13. Qe2 Bd6 14. Nc4 Bxc4
15. Bxc4 O-O 16. Bb3 Nc6 17. Rad1 Kh8 18. h3 Qe7 19. Rfe1 Bc7 20. Bd5 Qf6 21.
Qc4 Rae8 22. Bxc6 bxc6 23. Rd7 Bb8 24. Qxa6 e4 25. Nd4 Qe5 26. g3 c5 27. Nc6
Qxb2 28. Nxb8 Rxb8 29. Qc4 f5 30. Qxc5 Qxa2 31. Qe7 Qb2 32. Kg2 Rbe8 33. Qc5
Qf6 34. Qd4 Qxd4 35. Rxd4 Rc8 36. c4 Rfd8 37. Red1 Rxd4 38. Rxd4 Kg8 39. g4 g6
40. gxf5 gxf5 41. Kg3 Kf7 42. Rd5 Rxc4 43. Rxf5+ Kg6 44. Rf4 Rc3+ 45. Kg2 e3
1/2-1/2

[Event "Lichtenrader Herbst 2007"]
[Site "?"]
[Date "2007.10.14"]
[Round "1.13"]
[White "Meißner, Hans-Jürgen"]
[Black "Neubart, Thomas"]
[Result "1-0"]
[WhiteElo "2221"]
[BlackElo "1839"]
[PlyCount "69"]
[EventDate "2007.??.??"]

1. d4 Nf6 2. Nf3 e6 3. c4 b6 4. g3 Bb7 5. Bg2 Bb4+ 6. Bd2 Be7 7. O-O O-O 8. Nc3
d6 9. d5 e5 10. Ne1 Nbd7 11. Nd3 Re8 12. Nb4 a5 13. Nc6 Bxc6 14. dxc6 Nc5 15.
b3 h6 16. Qc2 Qc8 17. a3 Qg4 18. h3 Qc8 19. b4 Ne6 20. Nb5 Nh5 21. Kh2 Bf6 22.
bxa5 bxa5 23. Rae1 Be7 24. e3 Nf6 25. Nc3 Nc5 26. Rb1 Bd8 27. Rb5 a4 28. Nd5
Nb3 29. Bb4 Kh8 30. Rb7 Rf8 31. Rd1 Ne8 32. Nc3 Na5 33. Nb5 f5 34. Na7 Rxa7 35.
Rxa7 1-0

[Event "Lichtenrader Herbst 2007"]
[Site "?"]
[Date "2007.10.14"]
[Round "1.14"]
[White "Thau, Oliver"]
[Black "Behrmann, Joachim"]
[Result "0-1"]
[WhiteElo "1839"]
[BlackElo "2212"]
[PlyCount "84"]
[EventDate "2007.??.??"]

1. Nf3 d5 2. e4 dxe4 3. Ng5 Bf5 4. g4 Bg6 5. Bg2 Nf6 6. Nc3 Nc6 7. Ncxe4 Nxe4
8. Nxe4 e5 9. d3 Qd7 10. Be3 O-O-O 11. Qe2 f6 12. a3 h5 13. h3 hxg4 14. hxg4
Rxh1+ 15. Bxh1 Nd4 16. Bxd4 exd4 17. O-O-O Bf7 18. Qf3 c6 19. Bg2 Be6 20. Bh3
Qd5 21. Nd2 Qxf3 22. Nxf3 c5 23. Re1 Kd7 24. Nd2 Bd6 25. Ne4 b6 26. Rh1 Rh8 27.
f3 Bf4+ 28. Kd1 Ke7 29. Bg2 Rc8 30. b3 b5 31. Bf1 c4 32. b4 c3 33. Rh5 a6 34.
Nc5 Bf7 35. Rh3 a5 36. Nb7 axb4 37. axb4 Ra8 38. Na5 Bd5 39. Bg2 Bd6 40. Rh5 g5
41. Nb3 Bxb3 42. cxb3 Ra1+ 0-1

[Event "Lichtenrader Herbst 2007"]
[Site "?"]
[Date "2007.10.14"]
[Round "1.15"]
[White "Ahmed, Anibar"]
[Black "Just, Detlef"]
[Result "1-0"]
[WhiteElo "2195"]
[BlackElo "1820"]
[PlyCount "79"]
[EventDate "2007.??.??"]

1. e4 e5 2. Nf3 Nc6 3. Bb5 Nf6 4. O-O Bc5 5. c3 O-O 6. d4 exd4 7. cxd4 Be7 8.
d5 a6 9. Ba4 Na7 10. e5 Ne8 11. Re1 d6 12. e6 fxe6 13. dxe6 b5 14. Bc2 Bb7 15.
Qd3 g6 16. Bh6 Rf5 17. Nbd2 Nc6 18. Qe3 Rc5 19. Be4 d5 20. Bd3 d4 21. Qf4 Nf6
22. Ne4 Rf5 23. Nxf6+ Rxf6 24. Qg4 Nb4 25. Be4 Bxe4 26. Qxe4 c5 27. Bg5 Rf8 28.
Bxe7 Qxe7 29. a3 d3 30. axb4 c4 31. h4 Qxb4 32. e7 Rfe8 33. Qe6+ Kg7 34. Ng5
Kh6 35. Qf7 Rh8 36. e8=Q Raxe8 37. Rxe8 Qxb2 38. Rf1 d2 39. Qf4 Kh5 40. Re5 1-0

[Event "Lichtenrader Herbst 2007"]
[Site "?"]
[Date "2007.10.14"]
[Round "1.17"]
[White "Heuer, Thomas"]
[Black "Vidic, Dobrivoje"]
[Result "1-0"]
[WhiteElo "2188"]
[BlackElo "1798"]
[PlyCount "57"]
[EventDate "2007.??.??"]

1. d4 d5 2. Nf3 Nf6 3. c4 c6 4. Nc3 e6 5. cxd5 Nxd5 6. e4 Nxc3 7. bxc3 Be7 8.
Bd3 Nd7 9. O-O Qc7 10. e5 c5 11. Re1 c4 12. Be4 Nb6 13. Bg5 Nd5 14. Bxe7 Nxe7
15. Rb1 Nd5 16. Qa4+ Bd7 17. Qa3 a5 18. Ng5 h6 19. Bxd5 exd5 20. e6 fxe6 21.
Nxe6 Bxe6 22. Rxe6+ Kf7 23. Qd6 Rac8 24. Qxd5 Rhd8 25. Rd6+ Kf8 26. Rxd8+ Rxd8
27. Qf3+ Kg8 28. Rxb7 Re8 29. g3 1-0

[Event "Lichtenrader Herbst 2007"]
[Site "?"]
[Date "2007.10.14"]
[Round "1.18"]
[White "Baumeister, Wolfgang"]
[Black "Gebigke, Martin"]
[Result "0-1"]
[WhiteElo "1795"]
[BlackElo "2181"]
[PlyCount "54"]
[EventDate "2007.??.??"]

1. e4 c5 2. Na3 Nc6 3. Bb5 Nf6 4. d3 g6 5. f4 Nd4 6. Nf3 Nxb5 7. Nxb5 d5 8. e5
Qa5+ 9. Nc3 d4 10. Bd2 Nh5 11. Ne4 Qb6 12. O-O h6 13. b3 Be6 14. Qe1 Ng7 15. h3
h5 16. Nfg5 Bf5 17. Qh4 Ne6 18. g4 Nxg5 19. Nxg5 Be6 20. f5 gxf5 21. gxf5 Bd5
22. Ne4 O-O-O 23. Qe1 Bh6 24. Bxh6 Qxh6 25. Rf3 Rhg8+ 26. Kh2 h4 27. Qc1 Qg7
0-1

[Event "Lichtenrader Herbst 2007"]
[Site "?"]
[Date "2007.10.14"]
[Round "1.19"]
[White "Albrecht, Rainer"]
[Black "Yuan, Yizheng"]
[Result "1-0"]
[WhiteElo "2179"]
[BlackElo "1795"]
[PlyCount "45"]
[EventDate "2007.??.??"]

1. d4 Nf6 2. c4 g6 3. Nc3 Bg7 4. e4 d6 5. Nge2 O-O 6. Ng3 e5 7. d5 a5 8. Be2
Na6 9. h4 h5 10. Bg5 Nc5 11. Bxh5 gxh5 12. Nxh5 Kh8 13. Nxg7 Kxg7 14. Qf3 Rh8
15. h5 Ncd7 16. h6+ Kf8 17. h7 b6 18. O-O-O Ba6 19. Rh6 Kg7 20. Rdh1 Bxc4 21.
Qf5 Qe7 22. Rxf6 Nxf6 23. Bh6# 1-0

[Event "Lichtenrader Herbst 2007"]
[Site "?"]
[Date "2007.10.14"]
[Round "1.20"]
[White "Kothe, Manfred"]
[Black "Vandré, Wolfgang"]
[Result "0-1"]
[WhiteElo "1794"]
[BlackElo "2172"]
[PlyCount "102"]
[EventDate "2007.??.??"]

1. e4 c5 2. Nf3 d6 3. d4 cxd4 4. Qxd4 Nc6 5. Bb5 Qd7 6. Nc3 Nxd4 7. Bxd7+ Bxd7
8. Nxd4 Rc8 9. O-O Nf6 10. Bg5 h6 11. Bh4 g5 12. Bg3 Nh5 13. Rad1 Bg7 14. Rfe1
Nxg3 15. hxg3 Rc4 16. Nce2 O-O 17. b3 Rc5 18. c4 a6 19. a4 b5 20. cxb5 axb5 21.
axb5 Rb8 22. Rc1 Rxc1 23. Rxc1 Bxb5 24. Nxb5 Rxb5 25. Rb1 Re5 26. Nc3 Re6 27.
Nd5 Rxe4 28. b4 e6 29. Ne7+ Kf8 30. Nc6 Rc4 31. b5 d5 32. Nb8 Ke7 33. Rb3 Rc1+
34. Kh2 Kd8 35. Nc6+ Kc8 36. Ra3 Ra1 37. Rb3 Kc7 38. b6+ Kxc6 39. b7 Be5 40.
b8=Q Bxb8 41. Rxb8 d4 42. g4 Ra7 43. Kg3 Ra3+ 44. f3 Ra2 45. Rh8 Kc5 46. Rxh6
d3 47. Rh1 Kd4 48. f4 gxf4+ 49. Kxf4 e5+ 50. Kg3 Ke3 51. Re1+ Re2 0-1

[Event "Lichtenrader Herbst 2007"]
[Site "?"]
[Date "2007.10.15"]
[Round "2.1"]
[White "Korneev, Oleg"]
[Black "Poseck, Steffen"]
[Result "1-0"]
[WhiteElo "2587"]
[BlackElo "2064"]
[PlyCount "79"]
[EventDate "2007.??.??"]

1. e4 d5 2. exd5 Qxd5 3. Nc3 Qa5 4. d4 Nf6 5. Nf3 Bf5 6. Bd2 c6 7. Ne4 Qb6 8.
Nxf6+ gxf6 9. b3 e6 10. c4 Bb4 11. g3 Nd7 12. Bg2 Bd3 13. Bxb4 Qxb4+ 14. Qd2
Qxd2+ 15. Nxd2 O-O-O 16. O-O-O Nb6 17. Nf3 Be2 18. Rd2 Bxf3 19. Bxf3 f5 20.
Rhd1 Rhg8 21. a4 Nd7 22. d5 Nc5 23. Kb2 Ne4 24. Bxe4 fxe4 25. dxe6 Rxd2+ 26.
Rxd2 fxe6 27. Kc3 c5 28. b4 b6 29. bxc5 bxc5 30. Re2 Rf8 31. Rxe4 Rxf2 32. Rh4
Rf3+ 33. Kd2 Ra3 34. Rxh7 Rxa4 35. h4 Rxc4 36. h5 Rg4 37. h6 Rg6 38. g4 Kd8 39.
Rh8+ Kc7 40. h7 1-0

[Event "Lichtenrader Herbst 2007"]
[Site "?"]
[Date "2007.10.15"]
[Round "2.2"]
[White "Spieß, Gregor"]
[Black "Rabiega, Robert"]
[Result "0-1"]
[WhiteElo "2075"]
[BlackElo "2545"]
[PlyCount "74"]
[EventDate "2007.??.??"]

1. d4 d5 2. Bf4 c5 3. e3 Nc6 4. Nf3 Nf6 5. Bd3 Bg4 6. c3 a6 7. Nbd2 e6 8. a4
Be7 9. O-O O-O 10. Qe1 c4 11. Bc2 b5 12. Ne5 Nxe5 13. Bxe5 b4 14. e4 b3 15.
Bxf6 Bxf6 16. Bb1 Rc8 17. f4 dxe4 18. Qxe4 Bf5 19. Qe3 Qb6 20. Bxf5 exf5 21.
Rfe1 g6 22. Qf2 Rfd8 23. Nf3 Rd5 24. Ne5 Bg7 25. Qf3 Qd6 26. Qf1 Qc7 27. Qf3
Ra5 28. d5 Qc5+ 29. Kf1 Qxd5 30. Qf2 Bxe5 31. Rxe5 Qd3+ 32. Qe2 Rxe5 33. Qxd3
cxd3 34. fxe5 Rc4 35. Rd1 Rxa4 36. Rxd3 Ra2 37. Rd2 a5 0-1

[Event "Lichtenrader Herbst 2007"]
[Site "?"]
[Date "2007.10.15"]
[Round "2.3"]
[White "Lagunow, Alexander"]
[Black "Kachibadze, Georg"]
[Result "1-0"]
[WhiteElo "2438"]
[BlackElo "2062"]
[PlyCount "63"]
[EventDate "2007.??.??"]

1. e4 c5 2. Nf3 d6 3. d4 cxd4 4. Nxd4 Nf6 5. Nc3 a6 6. Bc4 e6 7. Bb3 Be7 8. f4
O-O 9. O-O Nbd7 10. f5 Nc5 11. Qf3 Bd7 12. g4 e5 13. Nde2 Bc6 14. Bd5 Nxd5 15.
exd5 Bd7 16. Be3 Rc8 17. Ng3 b5 18. Rf2 f6 19. h4 Be8 20. a3 Bf7 21. Rg2 Na4
22. Nxa4 bxa4 23. Rd1 Qa5 24. g5 Kh8 25. g6 hxg6 26. fxg6 Bxg6 27. Qg4 Rxc2 28.
Qxg6 Rxg2+ 29. Kxg2 Rb8 30. Rd2 Qc7 31. Nf5 Bf8 32. Kh2 1-0

[Event "Lichtenrader Herbst 2007"]
[Site "?"]
[Date "2007.10.15"]
[Round "2.4"]
[White "Jaeger, Andre"]
[Black "Figura, Atila Gajo"]
[Result "1-0"]
[WhiteElo "2050"]
[BlackElo "2413"]
[PlyCount "83"]
[EventDate "2007.??.??"]

1. d4 Nf6 2. c4 c5 3. Nf3 cxd4 4. Nxd4 e5 5. Nb5 d5 6. cxd5 Bc5 7. N5c3 O-O 8.
e3 e4 9. a3 Bf5 10. b4 Bd6 11. Nd2 Nbd7 12. Nc4 Ne5 13. Nxd6 Qxd6 14. Qd4 a6
15. Bb2 Rfe8 16. Rd1 h5 17. Na4 h4 18. Nb6 Rad8 19. Nc4 Nxc4 20. Bxc4 b5 21.
Bb3 Nh5 22. Rc1 Qg6 23. Rg1 Rd6 24. g4 hxg3 25. hxg3 Bg4 26. Rh1 Bf3 27. Rh3
Qg5 28. Rc6 Red8 29. Rxd6 Rxd6 30. Qe5 Qxe5 31. Bxe5 Rd7 32. Kd2 Kf8 33. Kc3
Ke7 34. Kd4 Rb7 35. d6+ Kd8 36. Kc5 f6 37. Bd4 g5 38. Be6 Rh7 39. g4 Nf4 40.
Rxh7 Nxe6+ 41. Kd5 Nxd4 42. Kxd4 1-0

[Event "Lichtenrader Herbst 2007"]
[Site "?"]
[Date "2007.10.15"]
[Round "2.5"]
[White "Wendt, Jan-Dietrich"]
[Black "Reiche, Henry"]
[Result "1-0"]
[WhiteElo "2364"]
[BlackElo "2039"]
[PlyCount "93"]
[EventDate "2007.??.??"]

1. d4 Nf6 2. Nf3 d5 3. c4 e6 4. Nc3 c6 5. g3 Be7 6. Bg2 Nbd7 7. O-O O-O 8. b3
Re8 9. Qc2 Nf8 10. e4 dxe4 11. Nxe4 Nxe4 12. Qxe4 Bf6 13. Bb2 Bd7 14. Rad1 Qa5
15. Qc2 Rad8 16. Rfe1 Bc8 17. Ne5 Ng6 18. Bc3 Qc7 19. Ng4 Be7 20. Ne3 b6 21. h4
h6 22. Qe2 Bb7 23. Rd2 Bf8 24. h5 Ne7 25. Red1 a5 26. Qg4 Rd7 27. Qh3 Red8 28.
Qh1 Rd6 29. d5 R6d7 30. d6 Rxd6 31. Be5 Nc8 32. Bxd6 Rxd6 33. Qh4 Rxd2 34. Rxd2
Be7 35. Qe4 Nd6 36. Qe5 Qd7 37. c5 bxc5 38. Qxc5 Qc8 39. Rxd6 Qf8 40. Nc4 Ba6
41. Qxc6 Bxc4 42. Rd7 Be2 43. Ra7 Bxh5 44. Ra8 Bd8 45. Qd7 Qb4 46. Rxd8+ Kh7
47. Qd2 1-0

[Event "Lichtenrader Herbst 2007"]
[Site "?"]
[Date "2007.10.15"]
[Round "2.6"]
[White "Richter, Götz"]
[Black "Radovanovic, Jovica"]
[Result "1/2-1/2"]
[WhiteElo "2049"]
[BlackElo "2355"]
[PlyCount "59"]
[EventDate "2007.??.??"]

1. e4 c5 2. Nf3 d6 3. d4 cxd4 4. Nxd4 Nf6 5. Nc3 a6 6. Be3 e5 7. Nf3 Qc7 8. Bg5
Nbd7 9. a4 h6 10. Bh4 Be7 11. Nd2 g5 12. Bg3 Nf8 13. Bc4 Be6 14. Bb3 Ng6 15. f3
Nf4 16. Bxf4 gxf4 17. g3 Rg8 18. Qe2 fxg3 19. hxg3 Rxg3 20. O-O-O Rg6 21. Nc4
O-O-O 22. Ne3 Rdg8 23. Rd3 Rg1+ 24. Rxg1 Rxg1+ 25. Kd2 Qa5 26. Qf2 Rg8 27. Ke2
Kb8 28. Nf5 Bxf5 29. exf5 Qc5 30. Bxf7 1/2-1/2

[Event "Lichtenrader Herbst 2007"]
[Site "?"]
[Date "2007.10.15"]
[Round "2.7"]
[White "Battaglini, Gabriel"]
[Black "Lindemann, Frank"]
[Result "1-0"]
[WhiteElo "2295"]
[BlackElo "2034"]
[PlyCount "101"]
[EventDate "2007.??.??"]

1. d4 d5 2. c4 e5 3. dxe5 d4 4. Nf3 Nc6 5. g3 Bg4 6. Bg2 Nge7 7. O-O Ng6 8.
Nbd2 d3 9. exd3 Qxd3 10. Qb3 O-O-O 11. Qxd3 Rxd3 12. Ne1 Ncxe5 13. Nxd3 Nxd3
14. Nf3 Bc5 15. Be3 Bxe3 16. fxe3 Nxb2 17. Ng5 f6 18. Rab1 Nxc4 19. Bxb7+ Kd7
20. Rfc1 Nge5 21. Nf7 Rf8 22. Nxe5+ Nxe5 23. Rb4 c6 24. Bxc6+ Nxc6 25. Rxg4 g6
26. Rgc4 Rc8 27. Rd1+ Ke6 28. a4 h6 29. h4 h5 30. Kf2 Rc7 31. Rd8 Ke7 32. Rg8
Kf7 33. Rd8 Ke7 34. Rd3 Ke6 35. Ke2 Ke7 36. a5 Ke6 37. a6 g5 38. Rc5 gxh4 39.
gxh4 f5 40. Rd8 f4 41. Rh8 fxe3 42. Rh6+ Kd7 43. Rh7+ Kd6 44. Rxc7 Kxc5 45.
Kxe3 Kb6 46. Rh7 Kxa6 47. Rxh5 Kb6 48. Rh6 a5 49. h5 a4 50. Rxc6+ Kxc6 51. h6
1-0

[Event "Lichtenrader Herbst 2007"]
[Site "?"]
[Date "2007.10.15"]
[Round "2.8"]
[White "Steinert, Christian"]
[Black "Giemsa, Stephan"]
[Result "0-1"]
[WhiteElo "2026"]
[BlackElo "2284"]
[PlyCount "56"]
[EventDate "2007.??.??"]

1. e4 e6 2. d4 d5 3. e5 c5 4. c3 Nc6 5. Nf3 Bd7 6. dxc5 Bxc5 7. Bd3 f6 8. exf6
Nxf6 9. b4 Bd6 10. a3 e5 11. Be2 e4 12. Nd4 Nxd4 13. Qxd4 Qc7 14. Ra2 O-O 15.
Qd1 Be6 16. Rc2 Bxh2 17. Be3 Bf4 18. Qd2 Bxe3 19. Qxe3 a5 20. b5 d4 21. Qxd4
Rad8 22. Qe3 Nd5 23. Qg3 Nf4 24. Nd2 e3 25. Qh2 exd2+ 26. Kd1 h6 27. c4 Qe5 28.
Bf3 Qa1+ 0-1

[Event "Lichtenrader Herbst 2007"]
[Site "?"]
[Date "2007.10.15"]
[Round "2.9"]
[White "Glantz, Robert"]
[Black "Rahls, Peter"]
[Result "1-0"]
[WhiteElo "2018"]
[BlackElo "2258"]
[PlyCount "109"]
[EventDate "2007.??.??"]

1. e4 c5 2. Nf3 e6 3. d4 cxd4 4. Nxd4 Nf6 5. Nc3 d6 6. g4 h6 7. h4 Nc6 8. Rg1
d5 9. Bb5 Bd7 10. exd5 Nxd5 11. Nxd5 exd5 12. Be3 Be7 13. Qd2 Kf8 14. Be2 Bxh4
15. O-O-O Bf6 16. Nb3 Be6 17. f4 d4 18. Nxd4 Nxd4 19. Bxd4 Qxd4 20. Qxd4 Bxd4
21. Rxd4 f5 22. gxf5 Bxf5 23. Bf3 Kf7 24. Bxb7 Rab8 25. Bd5+ Kf6 26. Ra4 Rhd8
27. c4 Rd7 28. Rg3 h5 29. Rga3 h4 30. Ra6+ Rb6 31. Rxa7 Rxd5 32. cxd5 h3 33.
Ra8 Rb4 34. Rh8 Rxf4 35. Rg3 Rf2 36. Rhxh3 Rc2+ 37. Kd1 Rxb2 38. Rh8 g6 39. Ra8
Ke5 40. Ra5 Rb4 41. Re3+ Kf4 42. Rea3 Ke5 43. Ke2 Rb2+ 44. Kf3 Rh2 45. Re3+ Kd6
46. Rb3 Ke5 47. Rb6 Rd2 48. d6+ Kf6 49. Ra7 Kg5 50. Ra4 Rd3+ 51. Ke2 Rd5 52.
Rab4 Kf6 53. Rb2 Re5+ 54. Kd1 Ke6 55. Rd2 1-0

[Event "Lichtenrader Herbst 2007"]
[Site "?"]
[Date "2007.10.15"]
[Round "2.10"]
[White "Marcziter, Dmitrii"]
[Black "Müller, Peter"]
[Result "1-0"]
[WhiteElo "2249"]
[BlackElo "2003"]
[PlyCount "61"]
[EventDate "2007.??.??"]

1. d4 Nf6 2. Nf3 g6 3. c4 Bg7 4. g3 d5 5. cxd5 O-O 6. Bg2 Nxd5 7. O-O c6 8. e4
Nb6 9. h3 N8d7 10. Qc2 e5 11. Bg5 Bf6 12. Be3 Re8 13. a4 exd4 14. Nxd4 Nf8 15.
Rd1 Qe7 16. a5 Nbd7 17. a6 Bxd4 18. Bxd4 c5 19. Be3 bxa6 20. Nc3 Nb6 21. Nd5
Nxd5 22. exd5 Bf5 23. Qxc5 Qxc5 24. Bxc5 Nd7 25. Bd4 Bc2 26. Rd2 Rac8 27. Rxa6
Be4 28. Rxa7 Rc1+ 29. Kh2 Nf8 30. Bf6 h6 31. Bxe4 1-0

[Event "Lichtenrader Herbst 2007"]
[Site "?"]
[Date "2007.10.15"]
[Round "2.11"]
[White "Hilbig, Dieter"]
[Black "Prudlo, Simon"]
[Result "0-1"]
[WhiteElo "2012"]
[BlackElo "2245"]
[PlyCount "56"]
[EventDate "2007.??.??"]

1. e4 e6 2. d4 d5 3. Nd2 Nf6 4. e5 Nfd7 5. Bd3 c5 6. c3 Nc6 7. Ne2 cxd4 8. cxd4
f6 9. Nf4 Nxd4 10. Qh5+ Ke7 11. Ng6+ hxg6 12. Qxh8 Nxe5 13. Bb1 Qc7 14. Kd1 Bd7
15. Qh3 Rc8 16. Qc3 Qb6 17. Qh3 Bb5 18. Re1 Kf7 19. f4 Be2+ 20. Rxe2 Rxc1+ 21.
Kxc1 Nxe2+ 22. Kc2 Nxf4 23. Qb3 Qc6+ 24. Kd1 Nxg2 25. Qg3 Qa4+ 26. Ke2 Nf4+ 27.
Ke1 Bb4 28. Qxf4 Bxd2+ 0-1